A Practical Manual of Public Health Dentistry (Record no. 22712)

MARC details
000 -LEADER
fixed length control field 00425nam a22001697a 4500
003 - CONTROL NUMBER IDENTIFIER
control field SGT
020 ## - INTERNATIONAL STANDARD BOOK NUMBER
International Standard Book Number 9789352705528
082 ## - DEWEY DECIMAL CLASSIFICATION NUMBER
Classification number 617.601
Item number P19M
100 ## - MAIN ENTRY--PERSONAL NAME
Personal name Marya, C. M.
245 ## - TITLE STATEMENT
Title A Practical Manual of Public Health Dentistry
250 ## - EDITION STATEMENT
Edition statement 2nd
260 ## - PUBLICATION, DISTRIBUTION, ETC. (IMPRINT)
Place of publication, distribution, etc New Delhi, India
Name of publisher, distributor, etc Jaypee Brothers
Year of Publication 2019
300 ## - PAGE DESCRIPTION
No. of Pages 315
650 ## - SUBJECT ADDED ENTRY--TOPICAL TERM
Topical term or geographic name as entry element Public Heath Dentistry
653 ## - KEYWORDS--INDEX TERM
Keyword term Public Heath Dentistry
942 ## - ADDED ENTRY ELEMENTS (KOHA)
Source of classification or shelving scheme Dewey Decimal Classification
Koha item type Books
942 ## - ADDED ENTRY ELEMENTS (KOHA)
-- 275
Holdings
Withdrawn status Lost status Source of classification or shelving scheme Damaged status Not for loan Home library Current library Date acquired Vendor Name Cost, normal purchase price SGTU Bill Number Total Checkouts Full call number Accession No. (Barcode) Date last seen Date last borrowed Bill Date Koha item type Checked out Total Renewals
    Dewey Decimal Classification     SGT Dental Library SGT Dental Library 11/05/2022 Ahuja Book Co. Pvt. Ltd. 695.00 SGTU 14353 66 617.601 P19M FD8646 27/05/2026 25/05/2026 16/04/2022 Books    
    Dewey Decimal Classification     SGT Dental Library SGT Dental Library 11/05/2022 Ahuja Book Co. Pvt. Ltd. 695.00 SGTU 14353 65 617.601 P19M FD8647 28/05/2026 28/05/2026 16/04/2022 Books 11/06/2026  
    Dewey Decimal Classification     SGT Dental Library SGT Dental Library 11/05/2022 Ahuja Book Co. Pvt. Ltd. 695.00 SGTU 14353 77 617.601 P19M FD8648 28/05/2026 25/05/2026 16/04/2022 Books    
    Dewey Decimal Classification     SGT Dental Library SGT Dental Library 11/05/2022 Ahuja Book Co. Pvt. Ltd. 695.00 SGTU 14353 83 617.601 P19M FD8649 29/05/2026 26/05/2026 16/04/2022 Books    
    Dewey Decimal Classification     SGT Dental Library SGT Dental Library 11/05/2022 Ahuja Book Co. Pvt. Ltd. 695.00 SGTU 14353 84 617.601 P19M FD8650 27/05/2026 25/05/2026 16/04/2022 Books    
    Dewey Decimal Classification     SGT Dental Library SGT Dental Library 11/05/2022 Ahuja Book Co. Pvt. Ltd. 695.00 SGTU 14353 85 617.601 P19M FD8651 27/05/2026 26/05/2026 16/04/2022 Books   1